000 00805nam a2200205 i 4500
001 bg
245 0 _aĆwiczenia laboratoryjne z ogrzewnictwa, wentylacji i klimatyzacji :
_bpraca zbiorowa.
_nCz. 5 /
_cpod red. Tadeusza Trojanowskiego ; [poszczeg. rozdz. oprac.] Zdzisław Mielczarek [et al.]
260 _aŁódź :
_bPŁ,
_c1992.
300 _a205, [1] s., [2] k. tabl. :
_brys., wykr.
_c21 cm.
490 1 _aSkrypty dla Szkół Wyższych / Politechnika Łódzka
700 1 _aTROJANOWSKI, Tadeusz.
_eRed.
700 1 _aMIELCZAREK, Zdzisław.
_eoprac.
710 _aPOLITECHNIKA ŁÓDZKA (Łódź)
830 0 _aSkrypty dla Szkół Wyższych (Politechnika Łódzka)
040 _cBPK
041 _apol
080 _a697+628.8](075.8)(076)
942 _cKS
008 s pl f |000 0 pol
999 _c6358
_d6358
856 _uhttp://koha.tu.koszalin.pl/cgi-bin/koha/opac-detail.pl?biblionumber=6358
_yKatalog online BPK